René Bazin (Record no. 100966)

MARC details
000 -LEADER
campo de control de longitud fija 00844nam a2200229 i 4500
001 - NÚMERO DE CONTROL
campo de control 100966
003 - IDENTIFICADOR DE NÚMERO DE CONTROL
campo de control ES-MaACL
005 - FECHA Y HORA DE LA ÚLTIMA TRANSACCIÓN
campo de control 20260126133617.0
007 - CAMPO FIJO DE DESCRIPCIÓN FÍSICA--INFORMACIÓN GENERAL
campo de control de longitud fija t|
008 - DATOS DE LONGITUD FIJA--INFORMACIÓN GENERAL
campo de control de longitud fija 051010s1931 fr ||||1| fre d
100 1# - ENTRADA PRINCIPAL--NOMBRE DE PERSONA
Nombre de persona Mauriac, François,
Fechas asociadas al nombre 1885-1970
9 (RLIN) 79251
245 10 - MENCIÓN DEL TÍTULO
Título René Bazin
Resto del título : fauteuil XXX /
Mención de responsabilidad, etc. par François Mauriac ; suivi de Pages inédites / [par René Bazin], et de l'histoire du XXXe fauteuil / par Jacques des Gachons.
260 ## - PUBLICACIÓN, DISTRIBUCIÓN, ETC.
Lugar de publicación, distribución, etc. Paris :
Nombre del editor, distribuidor, etc. Félix Alcan,
Fecha de publicación, distribución, etc. 1931.
300 ## - DESCRIPCIÓN FÍSICA
Extensión 96 p., 2 h. con 1 ret. ;
Dimensiones 19 cm.
490 1# - MENCIÓN DE SERIE
Mención de serie Les Quarante ;
Designación de volumen o secuencia fauteuil 30
600 14 - PUNTO DE ACCESO ADICIONAL DE MATERIA--NOMBRE DE PERSONA
Nombre de persona Bazin, René,
Fechas asociadas al nombre 1853-1932
9 (RLIN) 26752
610 04 - PUNTO DE ACCESO ADICIONAL DE MATERIA--NOMBRE DE ENTIDAD CORPORATIVA
Nombre de entidad corporativa o nombre de jurisdicción como elemento de entrada Académie française-
Subdivisión de forma Historia
9 (RLIN) 1234
700 1# - ENTRADA AGREGADA--NOMBRE PERSONAL
Nombre de persona Des Gachons, Jacques.
9 (RLIN) 43811
830 0# - PUNTO DE ACCESO ADICIONAL DE SERIE-TÍTULO UNIFORME
Título uniforme Les Quarante ;
Designación de volumen o secuencia fauteuil 30
9 (RLIN) 184582
852 ## - LOCALIZACIÓN
Ubicación ES-MaACL
Número de control de estantería C-6876
Holdings
Estatus retirado Estado de pérdida Estado de daño No para préstamo Biblioteca de origen Biblioteca actual Ubicación en estantería Fecha de adquisición Fuente de adquisición Total de préstamos Signatura topográfica completa Código de barras Visto por última vez Precio de reemplazo Tipo de ítem Koha
        Biblioteca del Ateneo de Madrid Biblioteca del Ateneo de Madrid Sala Palomar 17/01/2008     C-6876 1105417 23/02/2023 23/02/2023 Libro impreso